00381nam a2200145Ia 4500008004100000020001500041082001600056100001600072245004800088260002900136300001200165500002600177650001500203700001700218230524s9999 xx 000 0 und d a8121924375 a621.38bTHE aB.L.Theraja 2aA Text Book of Electrical Technology Vol.II aNEW DELHIbS.Chandc2005 aXIV;704 aQuantity Number: 270 aElectrical a A.K.Theraja